Co-operatives for economic development / (Record no. 66498)

MARC details
000 -LEADER
fixed length control field 00444nam a22001457a 4500
005 - DATE AND TIME OF LATEST TRANSACTION
control field 20180804121851.0
020 ## - INTERNATIONAL STANDARD BOOK NUMBER
International Standard Book Number 8174453075
Terms of availability 350.00
035 ## - SYSTEM CONTROL NUMBER
System control number B-219684,B-219682, B-219690
037 ## - SOURCE OF ACQUISITION
Stock number DPL
Source of stock number/acquisition ENG
100 ## - MAIN ENTRY--PERSONAL NAME
Personal name Sahoo, Rajan Kumar
245 ## - TITLE STATEMENT
Title Co-operatives for economic development /
Statement of responsibility, etc by Rajan Kumar Sahoo
260 ## - PUBLICATION, DISTRIBUTION, ETC. (IMPRINT)
Place of publication, distribution, etc New Delhi
Name of publisher, distributor, etc Mohit Publications
Date of publication, distribution, etc 2005
300 ## - PHYSICAL DESCRIPTION
Extent xi, 160p.
Dimensions 20 cms.
942 ## - ADDED ENTRY ELEMENTS (KOHA)
Source of classification or shelving scheme Dewey Decimal Classification
Item type English Books
Classification part 334
Call number suffix SAH
Holdings
Withdrawn status Lost status Not for loan Collection code Home library Current library Date acquired Cost, normal purchase price Full call number Barcode Cost, replacement price Koha item type Source of acquisition
      Non-fiction Patel Nagar Patel Nagar 20/07/2018 350.00 334 SAH B-219682 350.00 English Books BPPD/Pub
      Non-fiction Sarojini Nagar Sarojini Nagar 11/05/2012 350.00 334 SAH B-219684 350.00 English Books  
      Non-fiction Shahdara Branch Shahdara Branch 04/08/2018 0.00 334 SAH B-219690 0.00 English Books BPPD/PUB

© Delhi Public Library
Hit Counter
free hit counter